Movies Quiz

Random Movies or Cast Quiz

Cast of Casablanca Quiz Stats

 Plays Quiz not verified by Sporcle

Support Sporcle.
Go Orange.
Score 0/20 Timer 10:00
0 Plays Today
% Correct
Humphrey Bogart
100%
Ingrid Bergman
100%
Peter Lorre
100%
Claude Rains
88.2%
Sydney Greenstreet
70.6%
Paul Henried
64.7%
Dooley Wilson
58.8%
Conrad Veidt
52.9%
Joy Page
47.1%
John Qualen
41.2%
% Correct
S. Z. Sakall
41.2%
Leonid Kinskey
41.2%
Madeleine Lebeau
41.2%
Curt Bois
41.2%
Marcel Dalio
41.2%
Dan Seymour
41.2%
Helmut Dantine
41.2%
Corinna Mura
35.3%
Richard Ryen
29.4%
Lou Marcelle
23.5%

You're not logged in!

Compare scores with friends on all Sporcle quizzes.
OR
Log In

From the Vault

Famous 50: Sports

by Rauy10

Here's where soccer fans can really shine.
Remove Ads.
Support Sporcle.
Get the best of Sporcle when you Go Orange. This ad-free experience offers more features, more stats, and more fun while also helping to support Sporcle. Thank you for becoming a member.

Show Comments

Extras

Created Feb 15, 2020SourceReportNominate
Tags:Cast Quiz, Casablanca

Top Quizzes Today


Score Distribution

Your Account Isn't Verified!

In order to create a playlist on Sporcle, you need to verify the email address you used during registration. Go to your Sporcle Settings to finish the process.

Report this User

Report this user for behavior that violates our Community Guidelines.

Details: